Quick Pick: Definitions in Song Titles Quiz Stats

 Plays Quiz Updated Jun 24, 2017

Support Sporcle.
Go Orange.
Score 0/8 Timer 01:00
1 Play Today
% Correct
Heaven
95.5%
Love
88.6%
Life
86%
Black
83.2%
The World
81.6%
Your Body
77.3%
Happiness
77.1%
Language
47.2%

Today's Daily Dose

Missing Word
AMC Shows

Word Ladder
Makeup

Get the Picture
Guitarists

You're not logged in!

Compare scores with friends on all Sporcle quizzes.
OR
Log In
Forgot?

From the Vault

Commonest Words in Harry Potter

by MrChewypoo

We're not gonna say you can't do well if you haven't read the book, but, we bet it'll help out a lot.
Remove Ads.
Support Sporcle.
Get the best of Sporcle when you Go Orange. This ad-free experience offers more features, more stats, and more fun while also helping to support Sporcle. Thank you for becoming a member.

Show Comments

Extras

Top Quizzes Today


Score Distribution

Your Account Isn't Verified!

In order to create a playlist on Sporcle, you need to verify the email address you used during registration. Go to your Sporcle Settings to finish the process.

Report this User

Report this user for behavior that violates our Community Guidelines.

Details: